| 000 | 01679cam a22003733a 4500 | ||
|---|---|---|---|
| 001 | 3096 | ||
| 003 | FISKH | ||
| 005 | 20250409112132.0 | ||
| 008 | 040428s2004 nyua j 000 1 eng d | ||
| 010 | _a 2004596604 | ||
| 020 | _a0439557178 (pbk.) | ||
| 020 | _a9780439557177 | ||
| 035 | _a(OCoLC)ocm55042600 | ||
| 040 |
_aXWS _cXWS _dOCLCQ _dDLC _beng |
||
| 042 | _alccopycat | ||
| 050 | _aPZ7.T3 | ||
| 082 | _a813 | ||
| 100 | 1 |
_aThaler, Mike, _d1936- |
|
| 245 | 1 | 4 |
_aThe science fair from the Black Lagoon / _cby Mike Thaler ; illustrated by Jared Lee. |
| 250 | _aThis edition first printing, January 2009. | ||
| 260 |
_aNew York : _bScholastic, _c2004. |
||
| 300 |
_a64 pages : _billustrations ; _c20 cm. |
||
| 490 | 0 |
_aBlack Lagoon adventures ; _vBook 4 |
|
| 505 | _aQ | ||
| 520 | _aMean Mrs. Green says that everyone has to invent something for the school science fair. But everyone would rather invent a way to get out of it! Hubie can't decide on what he's going to do. He thinks all the good inventions have been done already. And all of his friends have figured out what they are going to do. He tries to decide between cloning himself or building a laugh machine. After a bad dream about cloning, he decides to build a laugh machine. After many tries, he makes himself into a human laugh machine and wins a special prize for "Silliest Invention." | ||
| 521 | 8 |
_a670
_bLexile |
|
| 521 | 8 |
_aQ
_bRaz-Plus |
|
| 650 | 0 |
_aScience fairs _vFiction. |
|
| 655 | 7 |
_aFantasy fiction. _2gsafd |
|
| 655 | 7 |
_aAdventure fiction. _2gsafd |
|
| 700 | 1 |
_aLee, Jared D. _eillustrator |
|
| 906 |
_a7 _bcbc _ccopycat _d2 _encip _f20 _gy-genrareb |
||
| 942 |
_2ddc _cBK _n0 |
||
| 999 |
_c3096 _d3096 |
||